Normal view
MARC view
Entry Topical Term
001 - CONTROL NUMBER
- control field: 652446
003 - CONTROL NUMBER IDENTIFIER
- control field: OSt
005 - DATE AND TIME OF LATEST TRANSACTION
- control field: 20221006144623.0
008 - FIXED-LENGTH DATA ELEMENTS
- fixed length control field: 221006|| aca||aabn | a|a d
040 ## - CATALOGING SOURCE
- Original cataloging agency: OSt
- Transcribing agency: OSt
150 ## - HEADING--TOPICAL TERM
- Topical term or geographic name entry element: Sinologists- Japan Bibliography
670 ## - SOURCE DATA FOUND
- Source citation: Work cat.: (OSt)1080237: FOGEL Joshua A, Politics and sinology Case of naito konan 1866-1934, 1984
